000 00710nam a2200217 4500
003 OSt
005 20240719020046.0
006 a
008 240719b |||||||| |||| 00| 0 eng d
020 _a9789814227391
040 _aDWCL-Main lib.
_cOC
082 _aCirc. 364 P826v 2007
100 _aPope, Carl E.
245 _aVoices from the field : readings in criminal justice research /
260 _aSingapore:
_bThomson Learning Asia,
_cc2007.
300 _ax,
_b46 p. ;
_c24cm.
504 _aIncludes bibliographical references & index.
650 _a1. Criminology-Research-Methodology.
650 _a2. Criminal justice, Administration of-Research Methodology.
942 _2ddc
_n0
_cBK-CIRC
_kCirc.
999 _c2405
_d2405